[Event "Mecklenburg VP VL 1516"]
[Site "Mecklenburg VP"]
[Date "2015.11.15"]
[Round "3.8"]
[White "Barth, Richard"]
[Black "Weinstein, Arkadi"]
[Result "0-1"]
[WhiteElo "1501"]
[BlackElo "1681"]
[PlyCount "60"]
[EventDate "2015.09.20"]
[EventType "team-tourn"]
[EventRounds "9"]
[EventCountry "GER"]
[SourceTitle "EXT 2022"]
[Source "ChessBase"]
[SourceDate "2021.10.06"]
[SourceVersion "1"]
[SourceVersionDate "2021.10.06"]
[SourceQuality "1"]
[WhiteTeam "Grevesmuehlen Blau Weiss"]
[BlackTeam "Schwerin SF IV"]
[WhiteTeamCountry "GER"]
[BlackTeamCountry "GER"]

1. Nf3 g6 2. c4 Bg7 3. d4 d6 4. Nc3 e6 5. Bg5 Ne7 6. e3 0-0 7. Bd3 Nd7 8. Qc2 c6 9. h3 d5 10. c5 f6 11. Bf4 e5 12. dxe5 fxe5 13. Bh2 e4 14. Bxe4 dxe4 15. Nxe4 Qa5+ 16. Nfd2 Qb4 17. Rb1 Nf6 18. Nxf6+ Bxf6 19. Qc4+ Qxc4 20. Nxc4 Bf5 21. Rd1 b5 22. Nd6 Be6 23. b3 Bc3+ 24. Ke2 Bb4 25. Rc1 a5 26. Ne4 Bd5 27. f3 a4 28. Bd6 Bxe4 29. fxe4 Rf7 30. Rhf1 axb3 0-1

[Event "Mecklenburg VP LL2 West 1415"]
[Site "Mecklenburg VP"]
[Date "2014.11.23"]
[Round "3.5"]
[White "Weinstein, Arkadi"]
[Black "Schreiner, Juergen"]
[Result "1-0"]
[WhiteElo "1705"]
[BlackElo "1381"]
[PlyCount "57"]
[EventDate "2014.09.21"]
[EventType "team-tourn"]
[EventRounds "9"]
[EventCountry "GER"]
[SourceTitle "EXT 2022"]
[Source "ChessBase"]
[SourceDate "2021.10.06"]
[SourceVersion "1"]
[SourceVersionDate "2021.10.06"]
[SourceQuality "1"]
[WhiteTeam "Schwerin SF IV"]
[BlackTeam "Wismar ASV Gruen-Weiss II"]
[WhiteTeamCountry "GER"]
[BlackTeamCountry "GER"]

1. e4 e6 2. d4 d5 3. Nd2 Nf6 4. Bd3 dxe4 5. Nxe4 Nxe4 6. Bxe4 c5 7. Be3 Qb6 8. Rb1 Nc6 9. Ne2 Be7 10. c3 0-0 11. Qc2 f5 12. Bf3 e5 13. Bd5+ Kh8 14. dxe5 Nxe5 15. 0-0 g5 16. b4 Qc7 17. bxc5 Ng4 18. Bd4+ Bf6 19. g3 Qg7 20. h3 Ne5 21. Rbd1 Rb8 22. c4 Bd7 23. Qc3 Bc6 24. f4 Ng6 25. fxg5 Bxd4+ 26. Qxd4 Ne5 27. h4 Rbd8 28. Nf4 Ba4 29. Ne6 1-0

[Event "Mecklenburg VP LL2 West 1415"]
[Site "Mecklenburg VP"]
[Date "2014.11.09"]
[Round "2.6"]
[White "Weinstein, Arkadi"]
[Black "Sommer, Hans Hermann"]
[Result "0-1"]
[WhiteElo "1705"]
[BlackElo "1654"]
[PlyCount "56"]
[EventDate "2014.09.21"]
[EventType "team-tourn"]
[EventRounds "9"]
[EventCountry "GER"]
[SourceTitle "EXT 2022"]
[Source "ChessBase"]
[SourceDate "2021.10.06"]
[SourceVersion "1"]
[SourceVersionDate "2021.10.06"]
[SourceQuality "1"]
[WhiteTeam "Schwerin SF IV"]
[BlackTeam "Neubrandenburg SG Eintracht II"]
[WhiteTeamCountry "GER"]
[BlackTeamCountry "GER"]

1. e4 e5 2. Nf3 Nc6 3. c3 Nf6 4. d4 Nxe4 5. Bd3 d5 6. dxe5 Be7 7. h3 0-0 8. 0-0 Kh8 9. Qc2 f5 10. exf6 Nxf6 11. Ng5 h6 12. Nf3 Nh5 13. Nh2 Ne5 14. Be2 Nf4 15. Bxf4 Rxf4 16. Nd2 Bd6 17. Rad1 c6 18. Nhf3 Bf5 19. Qb3 Qc8 20. g3 Rxf3 21. Nxf3 Be4 22. Nd2 Qxh3 23. Nxe4 dxe4 24. c4 Bc5 25. Qc3 Re8 26. b4 Nf3+ 27. Bxf3 Qxg3+ 28. Kh1 Qh3+ 0-1

[Event "Mecklenburg VP LL2 West 1314"]
[Site "Mecklenburg VP"]
[Date "2014.04.06"]
[Round "8.7"]
[White "Wahrmann, Eric"]
[Black "Weinstein, Arkadi"]
[Result "0-1"]
[WhiteElo "1450"]
[BlackElo "1693"]
[PlyCount "104"]
[EventDate "2013.10.27"]
[EventType "team-tourn"]
[EventRounds "9"]
[EventCountry "GER"]
[SourceTitle "EXT 2022"]
[Source "ChessBase"]
[SourceDate "2021.10.06"]
[SourceVersion "1"]
[SourceVersionDate "2021.10.06"]
[SourceQuality "1"]
[WhiteTeam "Malchow Schachinsel"]
[BlackTeam "Schwerin SF IV"]
[WhiteTeamCountry "GER"]
[BlackTeamCountry "GER"]

1. d4 c6 2. c4 g6 3. e4 Bg7 4. Nf3 e6 5. Bg5 Ne7 6. Qd2 0-0 7. Nc3 f6 8. Bh6 d6 9. Bxg7 Kxg7 10. Bd3 e5 11. 0-0 Nd7 12. Rfe1 Qc7 13. b4 Rd8 14. Rac1 Nf8 15. d5 Bg4 16. Qe3 b6 17. dxc6 Nxc6 18. Nd5 Qd7 19. c5 dxc5 20. bxc5 Ne7 21. cxb6 Nxd5 22. exd5 axb6 23. Qxb6 Rac8 24. Rxc8 Rxc8 25. Ba6 Rd8 26. Qb7 Qxb7 27. Bxb7 Nd7 28. h3 Bxf3 29. gxf3 Kf7 30. a4 Rb8 31. Bc6 Nc5 32. Ra1 Ke7 33. Kf1 Nb3 34. Ra3 Nd4 35. Rc3 Kd6 36. a5 Rb1+ 37. Kg2 Ra1 38. Bb7 Rxa5 39. Rc8 Ra7 40. Ba8 Kd7 41. Rb8 f5 42. Kg3 Ke7 43. Bc6 Nxc6 44. dxc6 Rc7 45. Rb7 Kd6 46. Rxc7 Kxc7 47. Kh4 h6 48. Kg3 Kxc6 49. Kg2 Kd5 50. Kg3 Kd4 51. Kg2 Kd3 52. Kg3 Ke2 0-1

[Event "Mecklenburg VP LL2 West 1314"]
[Site "Mecklenburg VP"]
[Date "2014.01.19"]
[Round "5.8"]
[White "Behnke, Thomas"]
[Black "Weinstein, Arkadi"]
[Result "0-1"]
[WhiteElo "1582"]
[BlackElo "1693"]
[PlyCount "64"]
[EventDate "2013.10.27"]
[EventType "team-tourn"]
[EventRounds "9"]
[EventCountry "GER"]
[SourceTitle "EXT 2022"]
[Source "ChessBase"]
[SourceDate "2021.10.06"]
[SourceVersion "1"]
[SourceVersionDate "2021.10.06"]
[SourceQuality "1"]
[WhiteTeam "Kuehlungsborn SV Empor"]
[BlackTeam "Schwerin SF IV"]
[WhiteTeamCountry "GER"]
[BlackTeamCountry "GER"]

1. e4 e6 2. d4 d5 3. Nc3 Bb4 4. e5 c5 5. a3 Bxc3+ 6. bxc3 Nc6 7. Qg4 g6 8. Bb5 Bd7 9. Bxc6 Bxc6 10. dxc5 Qc7 11. a4 Qxe5+ 12. Ne2 Ne7 13. Qd4 f6 14. Be3 Nf5 15. Qd2 Nxe3 16. fxe3 0-0 17. Nd4 Bd7 18. Rb1 Rab8 19. Nb5 Bxb5 20. Rxb5 Qc7 21. Qd4 a6 22. Rb6 Qf7 23. 0-0 Rbc8 24. Rfb1 Rc7 25. Qb4 Qe7 26. Rxb7 Rxb7 27. Qxb7 Qxc5 28. Qb6 Qc8 29. Qd4 Kg7 30. Rb6 Rf7 31. Qb4 g5 32. Qd6 Qxc3 0-1

[Event "Mecklenburg VP LL2 West 1213"]
[Site "Mecklenburg VP"]
[Date "2013.04.14"]
[Round "8.4"]
[White "Pross, Benjamin"]
[Black "Weinstein, Arkadi"]
[Result "1/2-1/2"]
[WhiteElo "1716"]
[BlackElo "1690"]
[PlyCount "64"]
[EventDate "2012.10.14"]
[EventType "team-tourn"]
[EventRounds "9"]
[EventCountry "GER"]
[SourceTitle "EXT 2022"]
[Source "ChessBase"]
[SourceDate "2021.10.06"]
[SourceVersion "1"]
[SourceVersionDate "2021.10.06"]
[SourceQuality "1"]
[WhiteTeam "Kuehlungsborn SV Empor"]
[BlackTeam "Schwerin SF IV"]
[WhiteTeamCountry "GER"]
[BlackTeamCountry "GER"]

1. e4 e6 2. d4 d5 3. Nc3 Bb4 4. e5 c5 5. a3 cxd4 6. axb4 dxc3 7. Qg4 g6 8. Nf3 Qc7 9. Bd3 Nc6 10. 0-0 Nxe5 11. Nxe5 Qxe5 12. Bf4 Qg7 13. Bb5+ Bd7 14. Bxd7+ Kxd7 15. Qe2 a6 16. bxc3 f6 17. b5 a5 18. b6 Ne7 19. Rfe1 e5 20. Qb5+ Kd6 21. Bc1 Rhc8 22. Ba3+ Ke6 23. Red1 Rd8 24. Bxe7 Qxe7 25. Rxa5 Rxa5 26. Qxa5 Qd6 27. c4 d4 28. c5 Qc6 29. Qa3 Rd5 30. Qh3+ f5 31. Qxh7 Kf6 32. Qh8+ Kf7 1/2-1/2

[Event "Mecklenburg VP LL2 West 1213"]
[Site "Mecklenburg VP"]
[Date "2013.03.17"]
[Round "7.4"]
[White "Weinstein, Arkadi"]
[Black "Altenburg, Reiner"]
[Result "1-0"]
[WhiteElo "1690"]
[BlackElo "1759"]
[PlyCount "67"]
[EventDate "2012.10.14"]
[EventType "team-tourn"]
[EventRounds "9"]
[EventCountry "GER"]
[SourceTitle "EXT 2022"]
[Source "ChessBase"]
[SourceDate "2021.10.06"]
[SourceVersion "1"]
[SourceVersionDate "2021.10.06"]
[SourceQuality "1"]
[WhiteTeam "Schwerin SF IV"]
[BlackTeam "Ludwigslust Post SV"]
[WhiteTeamCountry "GER"]
[BlackTeamCountry "GER"]

1. e4 c5 2. Nf3 Nc6 3. d4 cxd4 4. Nxd4 Nf6 5. Nc3 e5 6. Nde2 Bb4 7. Bd2 0-0 8. a3 Bc5 9. Ng3 Qb6 10. Qf3 Nd4 11. Qd3 Nxc2+ 12. Qxc2 Bxf2+ 13. Kd1 d5 14. exd5 Bg4+ 15. Be2 Rac8 16. Nge4 Nxe4 17. Qxe4 f5 18. Qb4 Qg6 19. Bxg4 fxg4 20. Qe4 Qh5 21. Kc2 b5 22. Rad1 Rc4 23. Qe2 a5 24. Kb1 Qg6+ 25. Ka1 Bd4 26. Be1 Rfc8 27. Qd3 Qb6 28. Ne2 b4 29. axb4 axb4 30. Kb1 b3 31. Bc3 Qb5 32. Bxd4 Rc1+ 33. Nxc1 Rxc1+ 34. Kxc1 1-0

[Event "Mecklenburg VP LL2 West 1112"]
[Site "Mecklenburg VP"]
[Date "2012.03.18"]
[Round "8.3"]
[White "Weinstein, Arkadi"]
[Black "Altenburg, Reiner"]
[Result "0-1"]
[WhiteElo "1711"]
[BlackElo "1740"]
[PlyCount "98"]
[EventDate "2011.10.02"]
[EventType "team-tourn"]
[EventRounds "9"]
[EventCountry "GER"]
[SourceTitle "EXT 2022"]
[Source "ChessBase"]
[SourceDate "2021.10.06"]
[SourceVersion "1"]
[SourceVersionDate "2021.10.06"]
[SourceQuality "1"]
[WhiteTeam "Schwerin SF III"]
[BlackTeam "Ludwigslust Post SV"]
[WhiteTeamCountry "GER"]
[BlackTeamCountry "GER"]

1. e4 c5 2. Nf3 Nc6 3. c3 Qa5 4. Na3 g6 5. Be2 Bg7 6. 0-0 Nf6 7. Nc4 Qc7 8. e5 Ng4 9. d4 d5 10. Ne3 Nxe3 11. fxe3 0-0 12. Bd2 c4 13. Qe1 f6 14. exf6 exf6 15. b3 b5 16. a4 cxb3 17. axb5 Na5 18. Bd3 Nc4 19. Rb1 b2 20. Bxc4 Qxc4 21. Rxb2 Bf5 22. Qa1 Rfb8 23. Qa5 Bd3 24. Rb4 Bxf1 25. Rxc4 Bxc4 26. Qa6 Rb6 27. Qa1 Rxb5 28. Kf2 a5 29. Bc1 Bf8 30. Nd2 Bd3 31. Qa2 Kg7 32. h4 h5 33. Qa4 Rab8 34. c4 dxc4 35. Nxc4 Bb4 36. Nb2 Bf5 37. Qa2 R8b7 38. Qc4 Be4 39. Qe6 Bd5 40. Qc8 Ba3 41. Nd3 Bxc1 42. Qxc1 a4 43. Nc5 Rb1 44. Qxb1 Rxb1 45. Nxa4 Bc6 46. Nc3 Rb2+ 47. Ke1 Rc2 48. Ne2 Bxg2 49. Kf2 g5 0-1

[Event "Mecklenburg VP LL2 West 1112"]
[Site "Mecklenburg VP"]
[Date "2012.01.15"]
[Round "5.2"]
[White "Weinstein, Arkadi"]
[Black "Fleischer, Martin"]
[Result "1/2-1/2"]
[WhiteElo "1788"]
[BlackElo "1711"]
[PlyCount "80"]
[EventDate "2011.10.02"]
[EventType "team-tourn"]
[EventRounds "9"]
[EventCountry "GER"]
[SourceTitle "EXT 2022"]
[Source "ChessBase"]
[SourceDate "2021.10.06"]
[SourceVersion "1"]
[SourceVersionDate "2021.10.06"]
[SourceQuality "1"]
[WhiteTeam "Schwerin SF III"]
[BlackTeam "Schwerin SV Einheit"]
[WhiteTeamCountry "GER"]
[BlackTeamCountry "GER"]

1. e4 e6 2. d4 d5 3. Nd2 Nd7 4. Ngf3 Be7 5. c3 dxe4 6. Nxe4 Ngf6 7. Bd3 Nxe4 8. Bxe4 Nf6 9. Bc2 b6 10. 0-0 0-0 11. Re1 Bb7 12. Bg5 h6 13. Bh4 a5 14. b3 Nd5 15. Qd3 g6 16. Bg3 Ba6 17. Qd2 Bg5 18. Nxg5 Qxg5 19. Qxg5 hxg5 20. c4 Nf4 21. a4 Rad8 22. Rad1 Bb7 23. f3 Rd7 24. Bf2 Kg7 25. Be3 Re8 26. h4 f6 27. hxg5 fxg5 28. Be4 Bxe4 29. fxe4 Red8 30. g3 Nh3+ 31. Kg2 g4 32. d5 e5 33. Re2 c5 34. Red2 Rd6 35. Rf1 Rf8 36. Rdd1 Rxf1 37. Rxf1 Rd7 38. Bd2 Rf7 39. Bc3 Rxf1 40. Kxf1 Kf6 1/2-1/2

[Event "Mecklenburg VP LL2 West 1112"]
[Site "Mecklenburg VP"]
[Date "2011.11.20"]
[Round "3.3"]
[White "Niemann, Silvio"]
[Black "Weinstein, Arkadi"]
[Result "1-0"]
[WhiteElo "1768"]
[BlackElo "1711"]
[PlyCount "85"]
[EventDate "2011.10.02"]
[EventType "team-tourn"]
[EventRounds "9"]
[EventCountry "GER"]
[SourceTitle "EXT 2022"]
[Source "ChessBase"]
[SourceDate "2021.10.06"]
[SourceVersion "1"]
[SourceVersionDate "2021.10.06"]
[SourceQuality "1"]
[WhiteTeam "Parchim SV Blau-Weiss 69"]
[BlackTeam "Schwerin SF III"]
[WhiteTeamCountry "GER"]
[BlackTeamCountry "GER"]

1. e4 e6 2. d4 d5 3. exd5 exd5 4. Bd3 Bd6 5. h3 Ne7 6. Nf3 0-0 7. 0-0 Bf5 8. Re1 Bxd3 9. Qxd3 Nd7 10. Nbd2 c6 11. Nf1 Qc7 12. Bd2 Nf6 13. Bg5 Ne4 14. Bxe7 Bxe7 15. Re2 Bd6 16. c4 Nf6 17. c5 Be7 18. Rae1 Rfe8 19. Ne3 Bf8 20. Ne5 Bxc5 21. Nxf7 Bxd4 22. Nh6+ gxh6 23. Qxd4 Qe5 24. Qb4 Qc7 25. Nf5 Rxe2 26. Rxe2 Re8 27. Rxe8+ Nxe8 28. Qg4+ Kf7 29. Nxh6+ Ke7 30. Qg8 Qf4 31. Qxh7+ Kd6 32. Nf5+ Ke5 33. Ne3 Nd6 34. Qg7+ Ke4 35. Qc3 d4 36. f3+ Ke5 37. Qc5+ Ke6 38. Ng4 Nf5 39. Qc4+ Kd6 40. b4 b6 41. a4 Ne3 42. Qg8 c5 43. Qb8+ 1-0

[Event "Mecklenburg VP LL2 West 1112"]
[Site "Mecklenburg VP"]
[Date "2011.10.23"]
[Round "2.3"]
[White "Weinstein, Arkadi"]
[Black "Luther, Alexander"]
[Result "1-0"]
[WhiteElo "1711"]
[BlackElo "1889"]
[PlyCount "55"]
[EventDate "2011.10.02"]
[EventType "team-tourn"]
[EventRounds "9"]
[EventCountry "GER"]
[SourceTitle "EXT 2022"]
[Source "ChessBase"]
[SourceDate "2021.10.06"]
[SourceVersion "1"]
[SourceVersionDate "2021.10.06"]
[SourceQuality "1"]
[WhiteTeam "Schwerin SF III"]
[BlackTeam "Guestrow/Teterow"]
[WhiteTeamCountry "GER"]
[BlackTeamCountry "GER"]

1. e4 c5 2. Nf3 e6 3. d4 cxd4 4. Nxd4 Nf6 5. Bd3 Nc6 6. c3 e5 7. Ne2 Be7 8. 0-0 0-0 9. Ng3 d6 10. Nd2 Be6 11. Qe2 Qc7 12. Nc4 Bg4 13. f3 Be6 14. Ne3 Rfd8 15. Nef5 d5 16. Nxe7+ Nxe7 17. Bg5 Ne8 18. Rfe1 f6 19. Be3 Nd6 20. Qf2 b6 21. exd5 Nxd5 22. f4 Nxe3 23. Qxe3 Bc4 24. fxe5 fxe5 25. Bxc4+ Nxc4 26. Qe2 Rd2 27. Qe4 Rxb2 28. Qxa8+ 1-0

[Event "Mecklenburg VP LL2 West 1011"]
[Site "Mecklenburg VP"]
[Date "2011.03.20"]
[Round "8.2"]
[White "Zacharias, Uwe"]
[Black "Weinstein, Arkadi"]
[Result "1-0"]
[WhiteElo "1722"]
[BlackElo "1706"]
[PlyCount "69"]
[EventDate "2010.10.10"]
[EventType "team-tourn"]
[EventRounds "9"]
[EventCountry "GER"]
[SourceTitle "EXT 2022"]
[Source "ChessBase"]
[SourceDate "2021.10.06"]
[SourceVersion "1"]
[SourceVersionDate "2021.10.06"]
[SourceQuality "1"]
[WhiteTeam "Ludwigslust Post SV II"]
[BlackTeam "Schwerin SF III"]
[WhiteTeamCountry "GER"]
[BlackTeamCountry "GER"]

1. d4 Nf6 2. c4 g6 3. Nc3 Bg7 4. Nf3 d6 5. Bf4 0-0 6. e3 Nbd7 7. Be2 c5 8. 0-0 h6 9. h3 a6 10. Qc2 b6 11. Bh2 Bb7 12. Rad1 Qc8 13. d5 Qd8 14. e4 Bc8 15. e5 dxe5 16. Nxe5 Nxe5 17. Bxe5 Bf5 18. Bd3 Bxd3 19. Qxd3 Ra7 20. Rfe1 Rb7 21. Qe2 Qd7 22. Qf3 Ne8 23. Bxg7 Kxg7 24. Ne4 Nd6 25. Nxd6 exd6 26. Qc3+ Kh7 27. Re3 Qa4 28. Rde1 Qxa2 29. Qf6 Qxc4 30. Re8 Qd4 31. Qxd4 Rxe8 32. Qd2 Rbe7 33. Rxe7 Rxe7 34. Qf4 Rd7 35. Qa4 1-0

[Event "Mecklenburg VP LL2 West 1011"]
[Site "Mecklenburg VP"]
[Date "2010.10.24"]
[Round "2.3"]
[White "Fechner, Henrik"]
[Black "Weinstein, Arkadi"]
[Result "0-1"]
[WhiteElo "1822"]
[BlackElo "1706"]
[PlyCount "44"]
[EventDate "2010.10.10"]
[EventType "team-tourn"]
[EventRounds "9"]
[EventCountry "GER"]
[SourceTitle "EXT 2022"]
[Source "ChessBase"]
[SourceDate "2021.10.06"]
[SourceVersion "1"]
[SourceVersionDate "2021.10.06"]
[SourceQuality "1"]
[WhiteTeam "Malchow Schachinsel"]
[BlackTeam "Schwerin SF III"]
[WhiteTeamCountry "GER"]
[BlackTeamCountry "GER"]

1. d4 Nf6 2. c4 g6 3. Nc3 Bg7 4. e4 d6 5. f3 Nbd7 6. Be3 0-0 7. Bd3 c5 8. Nge2 cxd4 9. Nxd4 Ne5 10. 0-0 Bd7 11. Rc1 Bc6 12. Be2 Bd7 13. Qd2 Rc8 14. Nd5 Re8 15. Qb4 Nc6 16. Qxb7 Nxd5 17. Nxc6 Bxc6 18. Qxa7 Nxe3 19. Qxe3 Bxb2 20. Rc2 Rb8 21. c5 dxc5 22. Rd1 Bd4 0-1

[Event "Mecklenburg VP LL2 West 0809"]
[Site "Mecklenburg VP"]
[Date "2008.10.05"]
[Round "1.6"]
[White "Weinstein, Arkadi"]
[Black "Kiecol, Rene"]
[Result "1/2-1/2"]
[WhiteElo "1779"]
[BlackElo "1585"]
[PlyCount "66"]
[EventDate "2008.10.05"]
[EventType "team-tourn"]
[EventRounds "9"]
[EventCountry "GER"]
[SourceTitle "EXT 2022"]
[Source "ChessBase"]
[SourceDate "2021.10.06"]
[SourceVersion "1"]
[SourceVersionDate "2021.10.06"]
[SourceQuality "1"]
[WhiteTeam "Schwerin SF II"]
[BlackTeam "Schwerin SF III"]
[WhiteTeamCountry "GER"]
[BlackTeamCountry "GER"]

1. e4 e5 2. Nf3 Nc6 3. Bc4 Bc5 4. c3 Qe7 5. d4 Bb6 6. 0-0 d6 7. h3 Nf6 8. Re1 0-0 9. Na3 a6 10. Bb3 Kh8 11. Nc4 Ba7 12. Ne3 Ne8 13. Nd5 Qd8 14. dxe5 Nxe5 15. Nxe5 dxe5 16. Be3 Be6 17. Bxa7 Rxa7 18. Qe2 Bxd5 19. Bxd5 c6 20. Bb3 Ra8 21. Rad1 Qc7 22. Rd3 Nf6 23. Red1 Rfd8 24. Qd2 Rxd3 25. Qxd3 Re8 26. g4 h6 27. f3 Kg8 28. Qc4 Kf8 29. Kf2 Re7 30. Ke3 Rd7 31. Rxd7 Qxd7 32. Qc5+ Ke8 33. Qc4 Qe7 1/2-1/2

[Event "Mecklenburg VP LL2 West 0708"]
[Site "Mecklenburg VP"]
[Date "2007.11.04"]
[Round "2.6"]
[White "Weinstein, Arkadi"]
[Black "Streit, Bodo"]
[Result "1/2-1/2"]
[WhiteElo "1715"]
[BlackElo "1769"]
[PlyCount "96"]
[EventDate "2007.10.21"]
[EventType "team-tourn"]
[EventRounds "9"]
[EventCountry "GER"]
[SourceTitle "EXT 2016"]
[Source "ChessBase"]
[SourceDate "2015.10.08"]
[SourceVersion "1"]
[SourceVersionDate "2015.10.08"]
[SourceQuality "1"]
[WhiteTeam "Schwerin SF II"]
[BlackTeam "Grevesmuehlen Blau Weiss"]
[WhiteTeamCountry "GER"]
[BlackTeamCountry "GER"]

1. e4 e5 2. Nf3 Nc6 3. Bc4 Bc5 4. c3 d6 5. b4 Bb6 6. Qb3 Qf6 7. a4 a6 8. Be2 Be6 9. Qc2 Nh6 10. d3 Ng4 11. 0-0 h5 12. Qd2 a5 13. b5 Ne7 14. Qg5 Kd7 15. h3 Rh7 16. Na3 Ng6 17. Nc2 Nf4 18. Bxf4 exf4 19. d4 Bb3 20. Nce1 Qh6 21. Nd3 f6 22. Qxh6 Nxh6 23. Nxf4 Bf7 24. Bd3 Rhh8 25. Rad1 g5 26. Ne2 g4 27. Nh4 gxh3 28. gxh3 Be6 29. Nf4 Rag8+ 30. Kh1 Rg5 31. Rg1 Bb3 32. Ra1 Rhg8 33. Nf3 Rxg1+ 34. Nxg1 Bf7 35. Bc2 c6 36. Rb1 c5 37. Rd1 cxd4 38. cxd4 Rc8 39. Rd2 Bxd4 40. Bd1 Bc3 41. Rd3 Be1 42. Kg2 Rc5 43. Nf3 Bb4 44. Bb3 Bxb3 45. Rxb3 f5 46. Nxh5 fxe4 47. Nf6+ Ke7 48. Nxe4 Rc2 1/2-1/2

[Event "Mecklenburg VP Seniors op 11th"]
[Site "Plau am See"]
[Date "2007.??.??"]
[Round "1"]
[White "Lange, Erich"]
[Black "Weinstein, Arkadi"]
[Result "0-1"]
[WhiteElo "1240"]
[BlackElo "1626"]
[PlyCount "97"]
[EventDate "2007.03.19"]
[EventType "swiss"]
[EventRounds "7"]
[EventCountry "GER"]
[SourceTitle "EXT 2008"]
[Source "ChessBase"]
[SourceDate "2007.11.25"]
[SourceVersion "1"]
[SourceVersionDate "2007.11.25"]
[SourceQuality "1"]

1. e4 e6 2. Nc3 d5 3. f4 c5 4. Nf3 Nc6 5. Bb5 Qb6 6. exd5 exd5 7. 0-0 Bd6 8. d3 Nge7 9. Nh4 0-0 10. Bxc6 Qxc6 11. f5 Be5 12. Bd2 Bf6 13. Qg4 Bxh4 14. Qxh4 Nxf5 15. Qf4 Be6 16. Rf2 Qd6 17. Qxd6 Nxd6 18. Raf1 b6 19. Rf3 Rad8 20. Rg3 Kh8 21. Ne2 f6 22. Nf4 Bf7 23. h4 c4 24. Rh3 d4 25. h5 cxd3 26. cxd3 a5 27. a3 Rfe8 28. Rff3 Be6 29. Rh2 Nf7 30. Ng6+ Kg8 31. Nf4 Ne5 32. Rg3 Bf5 33. h6 g6 34. Nh5 Rf8 35. Ng7 Bc8 36. Rh1 Kf7 37. Kf2 Ba6 38. Rhh3 Rc8 39. Bf4 Rc2+ 40. Kg1 Bc8 41. Rh1 Ng4 42. b4 Ra2 43. Rxg4 Bxg4 44. Bc7 Rxa3 45. Bxb6 Ra1+ 46. Kh2 Rxh1+ 47. Kxh1 axb4 48. Bc5 Rb8 49. Bxd4 0-1

[Event "Mecklenburg VP Seniors op 11th"]
[Site "Plau am See"]
[Date "2007.??.??"]
[Round "2"]
[White "Weinstein, Arkadi"]
[Black "Pamperin, Gerhard"]
[Result "0-1"]
[WhiteElo "1817"]
[BlackElo "1626"]
[PlyCount "92"]
[EventDate "2007.03.19"]
[EventType "swiss"]
[EventRounds "7"]
[EventCountry "GER"]
[SourceTitle "EXT 2008"]
[Source "ChessBase"]
[SourceDate "2007.11.25"]
[SourceVersion "1"]
[SourceVersionDate "2007.11.25"]
[SourceQuality "1"]

1. e4 e6 2. d4 d5 3. Nc3 Nf6 4. Bd3 dxe4 5. Nxe4 Be7 6. Ne2 Nbd7 7. N2g3 0-0 8. 0-0 b6 9. c3 Bb7 10. Qc2 Rc8 11. Nxf6+ Nxf6 12. Ne4 g6 13. Nxf6+ Bxf6 14. Be3 Re8 15. Be4 Bxe4 16. Qxe4 e5 17. dxe5 Bxe5 18. Qc4 c5 19. Rad1 Qc7 20. g3 Rcd8 21. Bg5 Rxd1 22. Rxd1 Qc6 23. Qd5 Qxd5 24. Rxd5 f6 25. Be3 Kf7 26. Rd7+ Re7 27. Rxe7+ Kxe7 28. Kf1 Ke6 29. Ke2 Kd5 30. Kd3 b5 31. b3 c4+ 32. bxc4+ bxc4+ 33. Ke2 a6 34. Bd2 Ke4 35. f3+ Kd5 36. Ke3 Bc7 37. Be1 h5 38. f4 g5 39. fxg5 fxg5 40. h3 g4 41. hxg4 hxg4 42. Bf2 Ke5 43. Ke2 Ke4 44. Be1 Be5 45. a3 Bd6 46. a4 Be5 0-1

[Event "Mecklenburg VP Seniors op 11th"]
[Site "Plau am See"]
[Date "2007.??.??"]
[Round "4"]
[White "Weinstein, Arkadi"]
[Black "Potthammel, Joerg"]
[Result "1/2-1/2"]
[WhiteElo "1971"]
[BlackElo "1626"]
[PlyCount "104"]
[EventDate "2007.03.19"]
[EventType "swiss"]
[EventRounds "7"]
[EventCountry "GER"]
[SourceTitle "EXT 2008"]
[Source "ChessBase"]
[SourceDate "2007.11.25"]
[SourceVersion "1"]
[SourceVersionDate "2007.11.25"]
[SourceQuality "1"]

1. e4 e5 2. Nf3 Nc6 3. Bc4 Bc5 4. c3 Nf6 5. d4 exd4 6. cxd4 Bb4+ 7. Nc3 Nxe4 8. 0-0 Bxc3 9. d5 Bf6 10. Re1 0-0 11. Rxe4 Na5 12. Bd3 d6 13. Rb1 c6 14. dxc6 bxc6 15. b4 d5 16. Re1 Nc4 17. a4 g6 18. Bxc4 dxc4 19. Be3 Bf5 20. Rc1 Bd3 21. Qd2 Qd5 22. Red1 Rfd8 23. Ne1 Qh5 24. f3 Qe5 25. Qf2 Qe6 26. g3 Rd7 27. Nxd3 cxd3 28. Qd2 Rad8 29. Re1 Qd6 30. Rc4 Qd5 31. Re4 Re7 32. Rxe7 Bxe7 33. Bxa7 Bf6 34. Re4 Qb3 35. Be3 Qxa4 36. Bh6 Qa1+ 37. Kg2 Bg7 38. Bg5 f6 39. Be3 Qa3 40. Rc4 Qa4 41. Kf2 f5 42. h3 Qa6 43. Rc5 Qb7 44. Rc4 Qd7 45. g4 fxg4 46. hxg4 Qd6 47. Kg2 Ra8 48. Bf4 Qd5 49. Rc5 Qf7 50. Kg3 Qd7 51. Rc1 Ra3 52. Rc4 Qd5 1/2-1/2

[Event "Mecklenburg VP LL2 0607"]
[Site "Mecklenburg VP"]
[Date "2006.10.29"]
[Round "2.8"]
[White "Weinstein, Arkadi"]
[Black "Pahl, Helmut"]
[Result "1/2-1/2"]
[WhiteElo "1626"]
[BlackElo "1538"]
[PlyCount "36"]
[EventDate "2006.10.15"]
[EventType "team-tourn"]
[EventRounds "9"]
[EventCountry "GER"]
[SourceTitle "EXT 2009"]
[Source "ChessBase"]
[SourceDate "2008.11.26"]
[SourceVersion "1"]
[SourceVersionDate "2008.11.26"]
[SourceQuality "1"]
[WhiteTeam "Schwerin II"]
[BlackTeam "Parchim SV Blau-Weiss 69"]
[WhiteTeamCountry "GER"]
[BlackTeamCountry "GER"]

1. e4 c6 2. d4 d5 3. exd5 cxd5 4. Bd3 Nf6 5. Bg5 e6 6. Nf3 Be7 7. Nbd2 Nc6 8. c3 Bd7 9. 0-0 h6 10. Bh4 0-0 11. Rc1 Rc8 12. Bb1 Ne8 13. Bg3 f5 14. h3 Nf6 15. Re1 Ne4 16. Bh2 Be8 17. Ne5 Bg5 18. Nef3 Bh4 1/2-1/2

[Event "Mecklenburg VP LL2 West 0001"]
[Site "Mecklenburg VP"]
[Date "2001.??.??"]
[Round "8.4"]
[White "Oelke, Bernd"]
[Black "Weinstein, Arkadi"]
[Result "1/2-1/2"]
[WhiteElo "1826"]
[BlackElo "1822"]
[PlyCount "46"]
[EventDate "2000.10.15"]
[EventType "team-tourn"]
[EventRounds "9"]
[EventCountry "GER"]
[SourceTitle "EXT 2016"]
[Source "ChessBase"]
[SourceDate "2015.10.08"]
[SourceVersion "1"]
[SourceVersionDate "2015.10.08"]
[SourceQuality "1"]
[WhiteTeam "Putlitz"]
[BlackTeam "Schwerin SV Einheit III"]
[WhiteTeamCountry "GER"]
[BlackTeamCountry "GER"]

1. e4 e6 2. d4 d5 3. Nc3 Bb4 4. exd5 exd5 5. Bd3 Nc6 6. Nge2 Nge7 7. 0-0 Bg4 8. f3 Bf5 9. Bg5 f6 10. Bf4 a6 11. Nb1 Bd6 12. Bxd6 Qxd6 13. c3 Kf7 14. Ng3 Bg6 15. Qc2 Rae8 16. Nd2 Nd8 17. Rfe1 Ne6 18. Ne2 Nf4 19. Nxf4 Qxf4 20. g3 Qd6 21. Re2 c6 22. Rae1 Bxd3 23. Qxd3 Ng6 1/2-1/2